Statistics for Fritz Lang Films

Click here to take the quiz!

General Stats

  • This quiz has been taken 67 times
  • The average score is 14 of 46

Answer Stats

YearFilm% Correct
1931M
100%
1927Metropolis
95%
1922Dr. Mabuse: The Gambler
67%
1936Fury
53%
1945Scarlet Street
52%
1928Spies
47%
1953The Big Heat
47%
1933The Testament of Dr. Mabuse
43%
1944The Woman in the Window
41%
1924Siegfried
40%
1960The 1,000 Eyes of Dr. Mabuse
36%
1937You Only Live Once
34%
1959The Tomb of Love
33%
1920Die Spinnen, 2. Teil - Das Brillantenschiff
33%
1956While the City Sleeps
33%
1919Die Spinnen, 1. Teil - Der Goldene See
33%
1943Hangmen Also Die!
33%
1944Ministry of Fear
31%
1941Man Hunt
29%
1952Rancho Notorious
29%
1921Destiny
29%
1956Beyond a Reasonable Doubt
28%
1929By Rocket to the Moon
28%
1950House by the River
26%
1947Secret Beyond the Door...
26%
1946Cloak and Dagger
24%
1954Human Desire
24%
1955Moonfleet
24%
1959Der Tiger von Eschnapur
22%
1941Western Union
22%
1940The Return of Frank James
22%
1934Liliom
22%
1952Clash by Night
21%
1938You and Me
21%
1953The Blue Gardenia
19%
1919Harakiri
19%
1942Moontide
17%
1924Kriemhild's Revenge
17%
1950American Guerilla in the Philippines
14%
1933The Last Will of Dr. Mabuse
9%
1919Halbblut
7%
1921Vier um die Frau
7%
1920Das wandernde Bild
7%
1960Journey to the Lost City
7%
1941Confirm or Deny
5%
1919Der Herr der Liebe
5%

Score Distribution

Percentile by Number Answered

Percent of People with Each Score

Your Score History

You have not taken this quiz